NoCopyrightSounds (NCS) Trivia - Statistics

General Stats
  • This quiz has been taken 80 times
  • The average score is 7 of 15
Answer Stats
Hint Answer % Correct
The most viewed NCS Release on YouTube On & On
93%
What year did NCS start? 2011
81%
The oldest public NCS Release on YouTube Coming Home
74%
Mainstream house artist made famous from NCS Alan Walker
63%
The newest "Circle Colour" introduced for NCS's visualizer on YouTube Teal
59%
NCS's "Sub Label" Arcade
54%
What genre was the white circle originally intended for? Hardstyle
50%
The first upload on NCS to use the Black Circle Ber Zer Ker
48%
The name of the founder of NCS Billy Woodford
43%
The first NCS video with a "moving background" image Cut the Check
43%
The very first NCS song uploaded (No longer available) Violin DnB
39%
The first full length album on NCS Faceless
19%
The first NCS compilation album NCS is love, NCS is life
19%
The first NCS Release rendered in 1080p (HD) on YouTube Far Away
9%
The first NCS video rendered in 4K Resolution on YouTube Game Over
4%
No matching quizzes found
Score Distribution
Percent of People with Each Score
Percentile by Number Answered
Your Score History
You have not taken this quiz